000
00202 a2200097 4500
020
_a
9789587682007
041
_a
spa
100
_a
Gaeta,Saverio
245
_a
Vida y milagro de Juan Pablo ll
942
_c
BK
999
_c
13742
_d
13742